000 00551nam a22001937a 4500
003 KOHA_MİRAKIL
005 20251111114805.0
008 251111b tu ||||| |||| 00| 0 tur d
020 _a9789755335391
040 _aTR-AnABB
_btur
_cTR-AnABB
041 _atur
082 _a843.914
_bDUC 2007
100 1 _aDuchaussois, Charles,
245 1 0 _aFlaş ya da büyük yolculuk /
_cCharles Duchaussois
260 _aAnkara :
_bİmge Kitapevi,
_c2007
300 _a446 sayfa ;
_c20 cm
650 0 4 _aFransız edebiyatı, roman
942 _2ddc
_cBK
999 _c9342
_d9342
900 _bGizem YORULMAZ